000 00697nam a2200217Ia 4500
999 _c33168
_d33168
003 OSt
005 20210611131151.0
008 160316s2012 xxu||||| |||| 00| 0 eng d
020 _a9781107024465
040 _cn
082 _a340.110000
_bWAL
100 _aWaldron Jeremy
245 _aThe rule of law and the measure of property
260 _aCambridge
_bCambridge University Press
_c2012
300 _a118p
_cxi
365 _b Gratis
505 _aTable of contents 1. The classical Lockean picture and its difficulties; 2. A substantive Rule of Law?; 3. In defense of legislation.
650 _a1. Rule Of Law - Property 2. Right Of Property
700 _a
_a
942 _2ddc
_cBK